Kreuger's billion dollar bubble /

Bibliographic Details
Main Author: Sparling, E. Earl (Edward Earl), 1897-
Format: Book
Language:English
Published: New York : Greenberg, [1932]
Subjects:

MARC

Tag First Indicator Second Indicator Subfields
LEADER 00000cam a2200000 4500
001 in00000053953
005 20151008050914.0
008 751217s1932 nyu 00010deng
010 |a  32028960  
035 |a (OCoLC)01896907 
035 |9 AAG4192AM 
040 |a DLC  |c JPL  |d TXA  |d UtOrBLW 
049 |a TXAM  |c [197797] 
050 0 0 |a HD9999.M23  |b S88 
082 0 |a 338.4 
092 |a 338.4  |b S736k 
100 1 |a Sparling, E. Earl  |q (Edward Earl),  |d 1897- 
245 1 0 |a Kreuger's billion dollar bubble /  |c by Earl Sparling... 
264 1 |a New York :  |b Greenberg,  |c [1932] 
264 4 |c [©1932] 
300 |a ix, 276 pages ;  |c 21 cm. 
336 |a text  |b txt  |2 rdacontent 
337 |a unmediated  |b n  |2 rdamedia 
338 |a volume  |b nc  |2 rdacarrier 
600 1 0 |a Kreuger, Ivar,  |d 1880-1932. 
610 2 0 |a Kreuger & Toll, aktiebolag, Stockholm. 
999 |a MARS 
999 f f |s 1fbfd054-b495-330d-89d8-2e2210e24da0  |i bbeb8996-c3cd-3e42-b03a-0307f917493c  |t 0 
952 f f |p ric  |a Texas A&M University  |b Rellis Campus  |c Joint Library Facility  |d Remote Storage  |t 0  |e HD9999.M23 S88  |h Library of Congress classification  |i unmediated -- volume  |m A14800764902 
998 f f |a HD9999.M23 S88  |t 0  |l Remote Storage